000
00357nam a2200157Ia 4500
005
20250425160922.0
008
250425s9999 xx 000 0 und d
041
_a
spa
082
_a
664.81
245
0
_a
CONSERVAS DE PRODUCTOS DE ORIGEN ANIMAL
250
_a
S.E.
260
_a
S.L.
260
_a
Sin Pais
_b
SINT
_c
1900
942
_c
01
010
_a
8329
999
_c
198844
_d
198844